00912nam a2200241Ia 4500001000600000003000900006008004100015040001300056040001300069041001300082100002000095100002900115245003600144245006800180250001100248260001100259260002100270260004900291300005900340500022500399650001500624650003100639H3148IT-RoPAU130308s9999 xx 000 0 und d aIT-RoPAU cIT-RoPAU aITALIANO aDe Luca Arianna gCodice Aut. SPICS: 57218 aFilo molteplice del testo (Il) bForme della Testualità€. Teoria, Modelli, storia e Prospettive a1a ed. aTORINO bTesto & Immagine c2001 [1° Ed.:2001 - Ed.Ling.Originale:2001] a"11 p. (prefazione: no ; testo: 11 [pagine: 124-134])" aGioco dell'Ironia: I Racconti di Canterbury. Scrittura Come Improvvisazione: Il Conte di Montecristo. Il piacere del Racconto: le mille e una Notte. La Trama dei Colori tra Superficie e Profondita': Il vecchio e Il Mare. aSEMIOLOGIA eCodice materia Spics: 3251